LEADER 01087nam0-22003611i-450 001 990001814340403321 005 20210402122717.0 010 $a9252011765 035 $a000181434 035 $aFED01000181434 035 $a(Aleph)000181434FED01 035 $a000181434 100 $a20030910d1982----km-y0itay50------ba 101 0 $afre 102 $aIT 105 $aa p 001yy 200 1 $aAlimentation, nutrition et agriculture$elignes d'orientation pour les programmes de formation agricole en Afrique$fFAO 210 $aRoma$cFAO$d1982 215 $aVIII, 205 p.$cill.$d30 cm 225 1 $aÉtude FAO: alimentation et nutrition$v022 610 0 $aAlimenti 610 0 $aApprovvigionamento alimentare 610 0 $aAmministrazione pubblica dell'agricoltura 676 $a363.8$v23$zita 676 $a354.5$v23$zita 710 02$aFAO$017670 801 0$aIT$bUNINA$gRICA$2UNIMARC 901 $aBK 912 $a990001814340403321 952 $a60 COLL. FAO 01/022$fFAGBC 959 $aFAGBC 996 $aAlimentation, nutrition et agriculture$9410310 997 $aUNINA LEADER 01297cam0-2200337---450 001 990005485940403321 005 20220117133151.0 035 $a000548594 035 $aFED01000548594 035 $a(Aleph)000548594FED01 035 $a000548594 100 $a19990604d1843----km-y0itay50------ba 101 0 $aita 102 $aIT 105 $aaf------000yy 200 1 $aCenni sulla maniera di rinvenire i vasi fittili italo-greci$esulla loro costruzione, sulle loro fabbriche più distinte e sulla progressione e decadimento dell'arte vasaria$fdi Raffaele Gargiulo 205 $a2. ed. riv. e corretta con l'aggiunta di nuove osservazioni 210 $aNapoli$cTip. Virgilio$d1843 215 $a40 p., 16 tav.$cill.$d28 cm 610 0 $aCeramiche italiote 676 $a930.1 676 $a738.0901 700 1$aGargiulo,$bRaffaele$09916 801 0$aIT$bUNINA$gRICA$2UNIMARC 856 4 $zVisualizza la versione elettronica in SBNWeb$uhttps://books.google.it/books?id=Nf6feAyURikC&printsec=frontcover&hl=it&source=gbs_ge_summary_r&cad=0#v=onepage&q&f=false$e20220117 901 $aBK 912 $a990005485940403321 952 $aSG 900/C 19 (3)$bARCH. 13324$fFLFBC 959 $aFLFBC 996 $aCenni sulla maniera di rinvenire i vasi fittili italo-greci$9589869 997 $aUNINA